000 00274nam a2200109Ia 4500
008 200302s9999 xx 000 0 und d
100 _aRachel H U
245 _aChines contemporary Architecture
260 _bDesign Media Publishing (UK) Ltd.,
260 _c2012
300 _a351
999 _c6177
_d6177